000 00609nam a2200121Ia 4500
008 220620s9999||||xx |||||||||||||| ||und||
100 _avan Heeren, Katinka
245 0 _aContemporary Indonesian Film; Spirits of Reform and ghosts from the past
546 _aEnglish[eng]
650 _asociology||reform||politics||indonesia||audio-visual media||film||Islam||Jakarta||Suharto
856 _uhttps://library.oapen.org/bitstream/20.500.12657/34522/1/420331.pdf||https://library.oapen.org/bitstream/20.500.12657/34522/1/420331.pdf||https://library.oapen.org/bitstream/20.500.12657/34522/1/420331.pdf
942 _cEB
999 _c33873
_d33873